[Event "Almaty Open 2019"]
[Site "Almaty"]
[Date "2019.10.07"]
[Round "1.10"]
[White "Nukin, Tolegen"]
[Black "Dzhumaev, Marat"]
[Result "0-1"]
[WhiteElo "2104"]
[BlackElo "2428"]
[Annotator "TA"]
[PlyCount "74"]
[EventDate "2019.10.07"]
[EventType "swiss"]
[EventCountry "KAZ"]
[SourceTitle "playchess.com"]
[Source "ChessBase"]
[SourceQuality "1"]

{[%evp 17,74,-8,10,6,20,-22,51,51,51,48,47,52,52,54,52,6,24,37,54,20,31,0,14,21,19,-74,-60,-55,-55,-70,-63,-77,-75,-102,-93,-108,-100,-138,-135,-120,-124,-122,-122,-150,-149,-156,-156,-156,-156,-156,-155,-143,-108,-633,-619,-29991,-29992,-29992,-29993]} 1. e4 c5 2. Nc3 Nc6 3. g3 e6 4. Bg2 Nf6 5. d3 Be7 6. f4 d5 7. e5 Nd7 8. Nf3 O-O 9. O-O f6 10. Bh3 {B02: Alekhine's Defence: Chase Variation and lines with early Nc3} (10. exf6 Bxf6 11. Qe2 Re8 12. a4 a6 13. Re1 Ndb8 14. Nd1 Nd4 15. Nxd4 cxd4 16. Nf2 Nc6 17. Bd2 Bd7 18. Ng4 Be7 {1-0 (31) Pirs,M (2494)-Oskulski,J (2481) ICCF email 2009}) 10... Nb6 11. Bd2 $146 ({Predecessor:} 11. Re1 Re8 12. Bd2 f5 13. a3 d4 14. Ne2 Nd5 15. Qc1 b5 16. Bg2 Qb6 17. c4 Nc7 {1-0 (52) Bonvini,A (1537)-Medina Barrios,L (1415) Cali 2015}) 11... d4 (11... f5 $11) 12. exf6 $14 {White is slightly better.} gxf6 13. Ne4 f5 14. Nf2 $1 Nd5 {With the idea ...Ne3.} 15. Re1 Bf6 16. Qc1 Qc7 17. Bg2 Bd7 18. c3 Rad8 19. a3 Bc8 20. c4 Ne3 $1 21. b4 (21. Bxe3 $11 {keeps the balance.} dxe3 22. Rxe3) 21... Nxg2 22. Kxg2 b6 23. b5 Ne7 24. Nh3 Ng6 25. Re2 Rde8 26. Qf1 Bb7 27. Kg1 {[#] intending Rae1.} Ba8 $1 {Hoping for ...Qb7.} 28. Kf2 e5 29. Nxe5 Bxe5 ({But not} 29... Nxe5 $6 30. fxe5 Bxe5 31. Bh6 $11) 30. fxe5 Nxe5 31. Rxe5 Qxe5 ({Reject} 31... Rxe5 $6 32. Bf4 $11) 32. Nf4 Qg7 33. a4 {[#]} Re3 $1 {[%mdl 512] Threatens to win with ...Rf3+.} 34. Qh3 {[#]} (34. Bxe3 dxe3+) 34... Qb7 $1 {[%mdl 512] ( -> ...Qf3+)} 35. Qh5 $2 {[%mdl 8192]} (35. Nd5 $17) 35... Rf3+ $19 36. Kg1 {[#]} Rxf4 $1 {[%csl Ga8][%cal Rb7h1][%mdl 512]} 37. Qg5+ (37. Bxf4 Qg2#) 37... Kh8 {Accuracy: White = 39%, Black = 67%.} 0-1

[Event "Almaty Open 2019"]
[Site "Almaty"]
[Date "2019.10.07"]
[Round "1.11"]
[White "Urazayev, Arystanbek"]
[Black "Kairbekova, Amina"]
[Result "1/2-1/2"]
[WhiteElo "2420"]
[BlackElo "2096"]
[Annotator "TA"]
[PlyCount "82"]
[EventDate "2019.10.07"]
[EventType "swiss"]
[EventCountry "KAZ"]
[SourceTitle "playchess.com"]
[Source "ChessBase"]
[SourceQuality "1"]

{[%evp 9,82,37,26,37,37,43,35,29,43,0,0,0,12,11,29,28,21,28,39,25,18,21,44,37,41,39,46,26,44,41,43,50,68,21,21,20,27,12,46,28,36,51,76,66,66,66,71,67,70,68,65,5,43,0,0,0,0,0,0,0,0,0,0,0,0,0,0,0,0,0,0,0,0,-61,-31]} 1. e4 e6 2. d4 d5 3. Nd2 Be7 4. Ngf3 c5 (4... Nf6 5. e5 Nfd7 6. c3 c5 7. Bd3 b6 8. O-O Ba6 9. Bxa6 Nxa6 10. Qe2 Nab8 11. c4 dxc4 12. Nxc4 O-O 13. Qe4 Na6 {½-½ (45) Movsesian,S (2629)-Caruana,F (2828) chess.com INT 2019}) 5. exd5 exd5 6. dxc5 {C03: French Tarrasch: Unusual Black 3rd moves} Bxc5 7. Nb3 Bb6 8. Bd3 {White is slightly better.} Nf6 9. O-O O-O 10. h3 Nc6 11. Re1 Re8 $146 ({Predecessor:} 11... Ne4 12. Be3 Bf5 13. c3 {1-0 (40) Vavulin,M (2561)-Roselli Mailhe,B (2471) Escaldes 2019}) 12. Bg5 Rxe1+ 13. Qxe1 Be6 14. Rd1 h6 15. Be3 Nd7 16. Bxb6 Qxb6 17. c3 a5 {[%cal Ba7a5,Ba5a4][%mdl 32]} 18. Qd2 a4 19. Nbd4 Nxd4 20. Nxd4 Ne5 21. Bf1 Nc4 22. Bxc4 dxc4 23. a3 Ra6 24. Re1 Qc5 25. Qf4 Rb6 26. Re2 Bd7 27. Qb8+ Kh7 28. Re5 Qd6 29. Qxd6 Rxd6 $14 {[%mdl 4096] Endgame KRB-KRN} 30. Kf1 (30. Rc5 $14) 30... Kg6 31. Ke1 Rb6 32. Re2 Bf5 33. Re5 Bd7 34. Rd5 Be6 35. Rb5 Rxb5 36. Nxb5 $11 {KB-KN} Bd5 37. f3 Kf5 38. Kf2 g5 39. Nd4+ Ke5 40. g4 Be6 41. Ke3 (41. Kg3 $1 $11) 41... Bd7 {Accuracy: White = 61%, Black = 54%.} 1/2-1/2

[Event "Almaty Open 2019"]
[Site "Almaty"]
[Date "2019.10.07"]
[Round "1.12"]
[White "Baimurzin, Aitkazy"]
[Black "Igambergenov, Alibek"]
[Result "0-1"]
[WhiteElo "2036"]
[BlackElo "2402"]
[Annotator "TA"]
[PlyCount "58"]
[EventDate "2019.10.07"]
[EventType "swiss"]
[EventCountry "KAZ"]
[SourceTitle "playchess.com"]
[Source "ChessBase"]
[SourceQuality "1"]

{[%evp 16,78,0,-8,0,-18,0,-39,-18,-24,-22,-9,0,-16,35,-2,-11,-24,-16,-25,-2,-60,-57,-76,-72,-110,-82,-86,-86,-115,-125,-125,-125,-414,-407,-416,-423,-375,-378,-381,-380,-377,-347,-345,-331,-560,-567,-559,-558,-568,-568,-552,-553,-635,-625,-727,-622,-788,-713,-702,-691,-723,-712,-2559,-806]} 1. Nf3 c5 2. g3 g6 3. Bg2 Bg7 4. O-O Nc6 5. d3 d5 6. Nbd2 Nf6 7. e4 O-O 8. Re1 b6 9. c3 Bb7 {A08: King's Indian Attack} (9... e6 10. a3 Ba6 11. e5 Nd7 12. d4 cxd4 13. cxd4 f6 14. exf6 Qxf6 15. Nb3 Bc4 16. Be3 h6 17. Rc1 Rac8 18. Nbd2 {0-1 (62) Amonatov,F (2614)-Fridman,D (2633) St Petersburg 2018}) 10. Qc2 Rc8 11. Nf1 d4 {Black is slightly better.} 12. e5 Nd5 13. c4 Nc7 14. a3 $146 ({Predecessor:} 14. h4 Ne6 15. N1h2 {1-0 (59) Mordechai,H (2331)-Iliaguev,N (1926) Jerusalem 2015}) 14... h6 (14... Rb8 $11) 15. h4 Qd7 16. Bd2 Ba8 17. b4 Qf5 18. N1h2 ({White should try} 18. b5 $1 $11 Nb8 19. N1h2) 18... h5 $1 $15 ({Don't play} 18... Nxe5 $6 19. Nxe5 Bxe5 20. Bxh6 $14) 19. bxc5 bxc5 ({Of course not} 19... Nxe5 20. Nxe5 Bxe5 21. cxb6 $11) 20. Rab1 Nxe5 21. Nxe5 Bxe5 22. Bg5 f6 $40 {[%mdl 128] Black has strong attack.} 23. Bh6 Rfe8 24. f4 $2 {[%mdl 8192] [#]} (24. Bxa8 $17 {might work better.} Rxa8 25. Qe2) 24... Bd6 $19 25. Be4 Qh3 26. Qf2 Kh7 27. Bg5 fxg5 28. Nf3 Kg7 29. Nxg5 Qd7 {Played: Qh3-g4} 0-1

[Event "Almaty Open 2019"]
[Site "Almaty"]
[Date "2019.10.07"]
[Round "1.13"]
[White "Tologontegin, Semetey"]
[Black "Bizhigitov, Zhangir"]
[Result "1-0"]
[WhiteElo "2384"]
[BlackElo "2018"]
[Annotator "TA"]
[PlyCount "81"]
[EventDate "2019.10.07"]
[EventType "swiss"]
[EventCountry "KAZ"]
[SourceTitle "playchess.com"]
[Source "ChessBase"]
[SourceQuality "1"]

{[%evp 19,81,3,28,38,45,33,33,0,-12,0,0,0,-5,-49,-48,-48,-35,-48,0,0,0,0,0,0,139,115,135,110,195,209,295,304,395,414,414,391,451,464,453,439,447,323,324,319,537,492,829,820,1063,660,853,841,1441,1313,1173,1025,29975,29976,29976,29977,29975,29976,29976,6129]} 1. g3 Nf6 2. Bg2 g6 3. b3 Bg7 4. Bb2 O-O 5. Nf3 d6 6. d4 Nbd7 7. O-O Re8 8. c4 c6 9. Nc3 e5 10. e3 Qc7 11. Rc1 {E67: King's Indian: Fianchetto: 6...Nbd7} (11. Qc2 exd4 12. Nxd4 a5 13. Rad1 Nc5 14. h3 {½-½ (14) Ortiz Suarez,I (2609)-Guerra Mendez,J (2516) Barcelona 2013}) 11... Nf8 {[%cal Bd7f8,Bf8h7,Bh7g5,Bg5h3][%mdl 32]} 12. h3 h5 13. Ba3 {White is slightly better.} e4 14. Nd2 {[%cal Rc3e4]} Bf5 15. b4 $146 ({Predecessor:} 15. Qc2 Qe7 16. b4 N8h7 17. Qb3 Ng5 {1-0 (40) Leal,J (2054)-Cimer,E (2273) Villa Martelli 2016}) 15... Qd7 16. Kh2 N8h7 17. b5 Ng5 {[%cal Rf5h3]} 18. h4 Nh3 {Hoping for ...Ng4+.} (18... Bg4 $5 {[%cal Rg4d1]} 19. hxg5 Bxd1 20. gxf6 Bg4 $11) 19. bxc6 bxc6 20. Kh1 g5 21. f3 $36 {[%mdl 2048] White has good play.} d5 {[#]} (21... exf3 $11 {keeps the balance.} 22. Qxf3 {[%mdl 64] Double Attack} Bd3) 22. fxe4 $1 $16 dxe4 23. Qe1 Kh8 {[#]} (23... Rab8 $16 24. Nb3 Bg6) 24. Bd6 $1 $18 {[%mdl 512]} gxh4 (24... Ng8 $142 25. Qe2 (25. Ndxe4 Bxe4 26. Nxe4 Rxe4 $16 {[%mdl 64] Remove Defender}) 25... Bh6) (24... Qxd6 25. Rxf5) 25. gxh4 Qxd6 26. Rxf5 Ng4 {[%csl Gg4][%cal Rd6h2]} 27. Nf1 Qg6 28. Ng3 {[%mdl 64] Double Attack} Ngf2+ 29. Rxf2 Qxg3 30. Re2 Qg4 31. Qf1 $1 {[%csl LRf7,LRh3]} Qxh4 $2 (31... Bxd4 32. Bxh3 Qf3+ 33. Bg2 Qxf1+ 34. Bxf1 Bc5) 32. Bxh3 Bh6 (32... Rad8 $142 33. Rh2 Qg3) 33. Rh2 Rg8 34. Bg2 Qg5 35. Nxe4 Qxe3 36. Qf6+ Kh7 37. Qxf7+ Kh8 38. Qf6+ {White mates.} Kh7 39. Qe7+ Kh8 40. Qe5+ Rg7 41. Rf1 {Accuracy: White = 79%, Black = 52%.} 1-0

[Event "Almaty Open 2019"]
[Site "Almaty"]
[Date "2019.10.07"]
[Round "1.14"]
[White "Zhakshylykov, Erzhan"]
[Black "Barsov, Alexei"]
[Result "0-1"]
[WhiteElo "1999"]
[BlackElo "2365"]
[Annotator "TA"]
[PlyCount "80"]
[EventDate "2019.10.07"]
[EventType "swiss"]
[EventCountry "KAZ"]
[SourceTitle "playchess.com"]
[Source "ChessBase"]
[SourceQuality "1"]

{[%evp 10,80,25,21,39,29,44,44,37,32,43,17,23,20,26,11,15,6,0,0,0,-25,-24,-21,-26,-105,-58,-52,-63,-52,0,0,41,-23,-15,-25,-50,-37,-39,-156,-165,-164,-162,-146,-138,-145,-150,-126,-81,-81,-81,-81,-81,-98,-91,-262,-270,-334,-357,-335,-265,-265,-264,-268,-256,-236,-177,-280,-278,-299,-311,-347,-350]} 1. d4 d5 2. Bf4 Nf6 3. e3 e6 4. Nf3 Bd6 5. Bg3 Ne4 6. Bd3 Nxg3 {D02: 1 d4 d5 2 Nf3 sidelines, including 2...Nf6 3 g3 and 2...Nf6 3 Bf4} 7. hxg3 Nd7 (7... c5 8. c4 dxc4 9. Bxc4 Nc6 10. Nc3 cxd4 11. exd4 Ne7 12. Qd3 h6 13. Rd1 Qa5 14. Bb5+ {1-0 (22) Khismatullin,D (2617)-Paravyan,D (2528) Sochi 2016}) 8. c4 dxc4 {White is slightly better.} 9. Bxc4 Nf6 $146 ({Predecessor:} 9... a6 10. Nc3 b5 11. Bd3 g6 12. Ne4 Bb7 13. Nfg5 Bb4+ 14. Kf1 {0-1 (30) Golovnia,A-Zaitsev,A (2401) Sukhumi 2006}) 10. Qc2 c5 11. dxc5 Qa5+ 12. Nc3 Qxc5 13. Bb5+ Ke7 14. Be2 Bd7 15. Nd4 Rac8 16. Bf3 b5 {[%cal Bb7b5,Bb5b4][%mdl 32] ...b4 is the strong threat.} 17. Qb3 (17. a3 $11) 17... b4 18. Ne4 Nxe4 19. Bxe4 f5 (19... g6 $15) 20. Bd3 $11 g6 {[#]} 21. Nf3 ({White should play} 21. Bb5 $1 $14 {[%mdl 512]} Qc7 (21... Bxb5 22. Qxe6+) 22. Rd1) 21... Qa5 {And now ...Ba4 would win.} 22. Be2 Ba4 $36 {[%mdl 2048] Black has good play.} 23. Qd3 e5 {aiming for ...e4.} 24. Nd2 (24. e4 $15 Bc2 25. Qa6 Qxa6 26. Bxa6) 24... e4 $1 $17 {[%cal Re4d3]} 25. Qa6 Qxa6 26. Bxa6 Rc6 $1 {[%cal Rc6a6]} 27. Be2 {[#]} Be5 $1 {[%cal Re5b2]} 28. Nc4 Rxc4 {[%mdl 64] Remove Defender} 29. Bxc4 Bxb2 30. Rb1 Bc3+ {[%mdl 1024] Black has strong compensation.} 31. Kf1 h5 32. a3 $2 {[#]} (32. f3 $17) 32... Rc8 $1 $19 {[%cal Rc8c4]} 33. Ba2 Bc2 ({Less strong is} 33... bxa3 34. Rb7+ Kd6 35. Rxa7 $17) 34. axb4 Bd3+ 35. Kg1 Bxb1 36. Bxb1 Bxb4 37. Kh2 a5 {[%cal Ba7a5,Ba5a4,Ba4a3][%mdl 32]} 38. Rd1 (38. f3 $142) 38... a4 {Black has a decisive advantage.} 39. Kg1 a3 40. Kf1 Rc3 {Accuracy: White = 38%, Black = 66%.} 0-1

[Event "Almaty Open 2019"]
[Site "Almaty"]
[Date "2019.10.07"]
[Round "1.15"]
[White "Simantsev, Mikhail"]
[Black "Nurgaliyev, Sauat"]
[Result "1-0"]
[WhiteElo "2365"]
[BlackElo "1995"]
[Annotator "TA"]
[PlyCount "53"]
[EventDate "2019.10.07"]
[EventType "swiss"]
[EventCountry "KAZ"]
[SourceTitle "playchess.com"]
[Source "ChessBase"]
[SourceQuality "1"]

{[%evp 13,52,16,4,11,25,10,26,29,87,81,98,63,168,140,248,253,214,246,197,264,203,163,345,336,841,821,1222,1275,1268,1268,4104,3871,29990,29991,29996,29997,29997,29998,29998,29999,29999]} 1. c4 Nf6 2. Nf3 e6 3. e3 d5 4. b3 Be7 5. Bb2 O-O 6. Nc3 c5 7. cxd5 exd5 8. d4 {A13: English Opening: 1...e6} b6 (8... Nc6 9. Be2 Ne4 10. dxc5 Bf6 11. Rc1 Qa5 12. Nd4 Nxc5 13. Nxc6 bxc6 14. O-O Ne4 15. Nxe4 Bxb2 {1-0 (47) Vachier Lagrave,M (2778)-Dominguez Perez,L (2763) Saint Louis 2019}) 9. Be2 h6 10. O-O {White has an edge.} Be6 (10... Bb7 $11) 11. Ne5 $146 ({Predecessor:} 11. Rc1 Nbd7 12. h3 Rc8 13. Bd3 Qc7 14. dxc5 bxc5 {1-0 (44) Bat,B (2090)-Tarhan,A (1949) Bratislava 2019}) 11... Qc7 12. Rc1 Nbd7 {[#]} (12... Nc6 $14) 13. f4 $1 $18 {And now Nb5 would win.} Bf5 (13... Ne4 $16) 14. g4 Be4 15. g5 hxg5 16. fxg5 Nh7 17. Nxe4 dxe4 $2 (17... Nxe5 18. dxe5 dxe4) 18. g6 Ng5 $2 (18... Nxe5 19. gxh7+ (19. dxe5 fxg6 20. Qd5+ Kh8 $16) 19... Kh8 20. dxe5 Bg5) 19. gxf7+ Kh7 20. Bb5 {[%cal Rd1h5] [#]} g6 21. Bxd7 Rad8 22. Qg4 {Threatening mate with dxc5.} Qd6 23. dxc5 {White mates.} Qd5 24. Qh4+ Kg7 25. Ng4+ Bf6 26. Bxf6+ Kxf7 27. Nh6# {Accuracy: White = 85%, Black = 12%.} 1-0

[Event "Almaty Open 2019"]
[Site "Almaty"]
[Date "2019.10.07"]
[Round "1.16"]
[White "Balabayeva, Xeniya"]
[Black "Mezentsev, Ivan"]
[Result "0-1"]
[WhiteElo "1986"]
[BlackElo "2351"]
[Annotator "TA"]
[PlyCount "72"]
[EventDate "2019.10.07"]
[EventType "swiss"]
[EventCountry "KAZ"]
[SourceTitle "playchess.com"]
[Source "ChessBase"]
[SourceQuality "1"]

{[%evp 10,78,50,29,46,19,37,-9,56,0,0,-46,-40,-25,-4,6,0,-51,-46,-69,-40,-112,-108,-126,-108,-117,-123,-193,-202,-212,-216,-232,-181,-187,-165,-183,-185,-175,-147,-215,-216,-257,-254,-345,-280,-268,-264,-350,-340,-336,-308,-289,-272,-386,-395,-389,-396,-329,-180,-544,-528,-654,-640,-1787,-1772,-1705,-1770,-2276,-2220,-1774,-1672]} 1. e4 g6 2. d4 Bg7 3. Nf3 d6 4. Be2 a6 5. a4 b6 6. Nc3 Bb7 {B06: Modern Defence} 7. Be3 e6 (7... c5 8. Qd2 cxd4 9. Nxd4 Nf6 10. f3 O-O 11. Bh6 Nbd7 12. h4 Nc5 13. h5 e5 14. hxg6 exd4 15. gxh7+ Kh8 16. Bxg7+ Kxg7 17. h8=Q+ Rxh8 18. Qg5+ {1-0 (18) Aleksandrov,A (2571)-Genba,V (2454) Minsk 2019}) 8. Qd2 h6 (8... Nf6 $11) 9. O-O-O $146 (9. O-O $14) ({Predecessor:} 9. h3 Nf6 10. d5 e5 11. Nh2 Nbd7 12. b4 Qe7 {0-1 (35) Greiner,T (1776)-Sobolevsky,L (2344) Jena 2007}) 9... Nd7 $11 10. Rhg1 Ngf6 (10... b5 $5) 11. e5 Ne4 (11... Ng4 {with more complications.} 12. exd6 cxd6 13. Bf4 Ndf6 14. Qe1 Nd5) 12. Nxe4 $1 Bxe4 13. exd6 (13. h4 $11) 13... cxd6 $15 14. Bd3 Nf6 15. Qe2 (15. Bxe4 $15 Nxe4 16. Qb4) 15... Bxd3 16. Qxd3 Qd7 17. Qb3 O-O 18. g4 (18. Kd2 $17) 18... Nd5 $19 19. h4 b5 20. axb5 axb5 21. Kd2 Qc6 22. Ke2 Ra4 {Hoping for ...Rb4.} 23. c3 Rc8 24. g5 {[#]} (24. Nd2 $17) 24... h5 $1 25. Nd2 e5 26. Nf3 e4 27. Nd2 Ne7 28. Rc1 Nf5 29. d5 Qa6 30. Rh1 Re8 31. Kf1 (31. Rh3 {was worth a try.}) 31... b4+ 32. c4 Ra2 33. Rb1 {[#]} Ra5 (33... Bc3 $142 $1 {[%mdl 512]} 34. Ke2 (34. bxc3 $2 Nxe3+ 35. fxe3 Rxd2 $19) 34... Rc8) 34. Qxb4 $2 (34. Kg2 {is a better chance.}) 34... Rxd5 {Black is clearly winning.} 35. Ke2 {White wants to play Ra1.} Rd3 36. Nxe4 {[#]} Qc6 {Played: Rd3xe3} 0-1

[Event "Almaty Open 2019"]
[Site "Almaty"]
[Date "2019.10.07"]
[Round "1.17"]
[White "Amanov, Zhanibek"]
[Black "Malygin, Vladislav"]
[Result "1-0"]
[WhiteElo "2339"]
[BlackElo "1941"]
[Annotator "TA"]
[PlyCount "43"]
[EventDate "2019.10.07"]
[EventType "swiss"]
[EventCountry "KAZ"]
[SourceTitle "playchess.com"]
[Source "ChessBase"]
[SourceQuality "1"]

{[%evp 15,43,31,59,46,111,126,119,112,359,390,475,474,832,829,828,795,773,791,1031,1028,992,982,1420,684,700,689,684,678,708,669]} 1. e4 e5 2. Nf3 Nc6 3. Nc3 Nf6 4. Bb5 d6 5. d4 exd4 6. Nxd4 Bd7 7. Bxc6 bxc6 8. Qf3 c5 9. Nf5 {C62: Ruy Lopez: Steinitz Defence} g6 ({Black should try} 9... Bxf5 $14 10. exf5 (10. Qxf5 g6 $11) 10... Rb8) (9... h6 10. Bf4 Rb8 11. O-O-O g6 12. Ne3 Nh5 13. e5 Nxf4 14. Qxf4 Rb4 15. Qf3 Bg7 16. exd6 cxd6 17. Rxd6 {1-0 (45) Sutovsky,E (2700)-Guliev,S (2500) Baku 2011}) 10. Bg5 $16 Bxf5 11. exf5 $146 {[#] Black must now prevent Qc6+.White is better.} ({Predecessor:} 11. e5 dxe5 12. Bxf6 Qxf6 13. Qxa8+ Qd8 14. Qxa7 Bd6 15. O-O-O O-O 16. Qb7 Qh4 {1-0 (28) Sanal,V (2243)-Carasiov,A (1814) Iasi 2011}) 11... Be7 $2 (11... Bg7 $16 {might work better.}) 12. O-O-O $18 O-O 13. Rhe1 {White is clearly winning.} Nd5 (13... h6 $142 14. Bxh6 Rb8 15. fxg6 fxg6 16. Bxf8 Bxf8) 14. Rxe7 ({Weaker is} 14. Rxd5 Bxg5+ 15. Kb1 c6 $15) 14... Nxe7 15. Nd5 f6 16. Nxf6+ Kg7 17. Qc3 Kf7 18. Nxh7 Qd7 19. Qf6+ (19. Bh6 $142 Rg8 20. Re1 Qxf5 21. Qc4+ d5 22. Qxc5 {[%mdl 64] Double Attack}) 19... Kg8 20. Nxf8 ({Less strong is} 20. Qxe7 Qxe7 21. Bxe7 Rxf5 $16) 20... Rxf8 21. Qxe7 Qxf5 22. Be3 {Accuracy: White = 84%, Black = 23%.} 1-0

[Event "Almaty Open 2019"]
[Site "Almaty"]
[Date "2019.10.07"]
[Round "1.18"]
[White "Igen, Amir"]
[Black "Isanzhulov, Arystan"]
[Result "0-1"]
[WhiteElo "1934"]
[BlackElo "2305"]
[Annotator "TA"]
[PlyCount "86"]
[EventDate "2019.10.07"]
[EventType "swiss"]
[EventCountry "KAZ"]
[SourceTitle "playchess.com"]
[Source "ChessBase"]
[SourceQuality "1"]

{[%evp 13,102,53,64,23,34,-7,0,-5,2,0,16,16,20,0,0,-38,-42,-28,0,0,0,-43,-35,-60,-49,-53,-57,-59,-60,-52,-35,-40,0,0,0,-10,-9,-39,-39,-75,-42,-116,-123,-133,-61,-104,-109,-111,-106,-110,-38,-65,-79,-52,-71,-70,-66,-64,-72,-254,-250,-329,-326,-329,-311,-347,-328,-325,-325,-697,-675,-725,-418,-375,-395,-620,-650,-610,-605,-611,-602,-627,-626,-1202,-1193,-1466,-1370,-1333,-1259,-1627,-1543]} 1. d4 Nf6 2. c4 g6 3. Nc3 Bg7 4. e4 d6 5. Nf3 O-O 6. Be2 c6 7. O-O Na6 8. e5 {E91: King's Indian: Classical: 6 Be2, unusual replies including 6...c5 and 6...Bg4} dxe5 9. dxe5 Nd7 10. Bf4 {The position is equal.} Nac5 $146 ({Predecessor:} 10... Qa5 11. Qd4 Nac5 12. Qe3 Ne6 13. Bg3 Qb6 14. Qd2 Rd8 15. Na4 Qa6 {½-½ (94) Pedersen,N (2517)-Kruppa,Y (2538) Bucharest 2006}) 11. Bg3 Qb6 12. Rb1 a5 13. Qd4 Re8 14. Ne4 Nxe4 15. Qxe4 Nc5 (15... Nf8 $5 {[%cal Rc8f5]} 16. Qd4 c5 $11) 16. Qe3 $1 Bf5 17. Rbd1 Qxb2 18. Qxc5 {Black must now prevent Rd2.} Qxe2 19. Rd2 Qe4 20. Ng5 Qg4 21. Nf3 {Strongly threatening Rd4.} Be6 (21... b6 $5 {[%cal Rb6c5]} 22. Qxc6 Rac8 23. Qxb6 Qxc4 $15) 22. Nd4 $1 Bc8 23. h3 Qg5 24. Nf3 Qh5 25. Rd4 g5 26. Nd2 Qe2 27. Nf3 ({Better is} 27. f4 $15) 27... Qxa2 $17 28. Nxg5 h6 ({Black should try} 28... Bf5 $17 29. Rdd1 Qb2) 29. Nf3 a4 30. Rd2 Qb3 31. Rc1 {[#]} Ra6 (31... a3 $1 $17 {[%cal Ra3a2] aiming for ...a2.} 32. Nd4 Qa4) 32. Nd4 Qb6 33. Qa3 Qa5 $36 {[%mdl 2048] Black is really pushing.} 34. Re2 c5 35. Nb5 Be6 36. Qxc5 $2 (36. Rb2 $17) 36... Rc6 $19 37. Qd4 Rd8 38. Qe4 Qb4 39. Rec2 Rdc8 40. Nd4 Rxc4 41. Qd3 $2 (41. Rxc4 Rxc4 42. Rb1) 41... Rxc2 42. Rxc2 Qb1+ 43. Kh2 {Hoping for Rxc8+.} Rxc2 {Played: Rc8-d8} 0-1